| 000 | 00469 a2200133 4500 | ||
|---|---|---|---|
| 245 |
_aFor better or worse? _b : women and ZANLA in Zimbabwe's liberation struggle _hprint |
||
| 020 | _a079742105X | ||
| 700 | _aNhongo-Simbanegavi, Josephine | ||
| 650 | _aZIMBABWE HISTORY 2000 | ||
| 005 | 20191017172739.0 | ||
| 260 |
_arh _bWeaver Press _c2000 |
||
| 084 | _aHQ1236.5.Z55 N56 2000 | ||
| 300 |
_axxii, 168 p. : maps _b 21 cm. _cxxii, 168 p. : maps ; 21 cm. |
||
| 500 | _aby Josephine Nhongo-Simbanegavi. | ||
| 999 |
_c9314 _d9314 |
||